00678nam a2200217Ia 450000500170000000800410001702000180005804000180007604100080009408200220010210000310012424501260015525000120028126000520029330000230034565000080036865000200037665000110039665000340040770000190044120220309155553.0210716s2017 xx 000 0 und d a9789352734672 cAIMIT LIBRARY aeng a336.242 21bTHOT aThoomkuzhy, Thomas Joseph. aGST: bessentials of goods and services tax /cBy Dr Thomas Joseph Thoomkuzhy ,Dr. Jaya Jacob M and Chinnu Mariam Chacko. a1st ed. aNew Delhi :bHimalaya Publishing House ,c2017. avi,212p. ;c24 cm. aGST aPayment of Tax. aAudit. aTransfer of Input tax credit. aJacob M, Jaya.